Information and Communication Technology / (Record no. 5848)
[ view plain ]
| 000 -LEADER | |
|---|---|
| fixed length control field | 00612nam a2200229 a 4500 |
| 001 - CONTROL NUMBER | |
| JCCL Control Number | 5848 |
| 003 - CONTROL NUMBER IDENTIFIER | |
| JCCL marc code | BD-JhCC |
| 005 - DATE AND TIME OF LATEST TRANSACTION | |
| control field | 20171228123747.0 |
| 008 - FIXED-LENGTH DATA ELEMENTS--GENERAL INFORMATION | |
| fixed length control field | 171228s20132015b a|||| || | 000 0 eng d |
| 035 ## - SYSTEM CONTROL NUMBER | |
| system control number | (BD-JhCC)5848 |
| 040 ## - CATALOGING SOURCE | |
| Original cataloging agency | BD-JhCC |
| Modifying agency | BD-JhCC |
| 041 ## - LANGUAGE CODE | |
| Language code of Book | eng |
| 082 ## - DEWEY DECIMAL CLASSIFICATION NUMBER | |
| Classification number | 005 |
| Author mark and Year | SUT 2015 |
| 100 ## - MAIN ENTRY--PERSONAL NAME | |
| Personal name | Sutradhar, Palash Chandra |
| 245 ## - TITLE STATEMENT | |
| Title | Information and Communication Technology / |
| Statement of responsibility, etc | Palash Chandra Sutradhar, |
| 250 ## - EDITION STATEMENT | |
| Edition statement | 4rh ed. |
| 260 ## - PUBLICATION, DISTRIBUTION, ETC. (IMPRINT) | |
| Place of publication, distribution, etc | Dhaka : |
| Name of publisher, distributor, etc | Parthib Publication, |
| Date of publication, distribution, etc | 2015. |
| 300 ## - PHYSICAL DESCRIPTION | |
| Pagination | 467 p. : |
| Other physical details | ill. ; |
| Dimensions | 23 cm. |
| 650 ## - SUBJECT ADDED ENTRY--TOPICAL TERM | |
| Topical term or geographic name as entry element | Computer Science |
| 942 ## - ADDED ENTRY ELEMENTS (KOHA) | |
| Source of classification or shelving scheme | Dewey Decimal Classification |
| Koha item type | Books |
| Source of classification or shelving scheme | Damaged status | Not for loan | Home library | Current library | Shelving location | Cost, normal purchase price | Total Checkouts | Full call number | Barcode | Date last seen | Copy number | Koha item type |
|---|---|---|---|---|---|---|---|---|---|---|---|---|
| Dewey Decimal Classification | JCC Rouf Library | JCC Rouf Library | General Stacks | 400.00 | 005 SUT 2015 | 8174 | 12/28/2017 | C - 1 | Books |